000 00581nam a2200193Ia 4500
003 GCL
008 140319s9999 xx 000 0 ara d
040 _aGCL /
_cGCL
082 0 4 _a860.03
_bم ا
100 1 _aمحمد ياسر شرف
245 1 0 _aاحداث موت معلن /
_cمحمد ياسر شرف
700 1 _aماركيز ، جابرييل جارسيا
300 _a102 ص
490 _a
650 0 4 _aالادب العالمى المترجم
650 0 4 _aالادب الاسبانى المترجم
650 0 4 _aالقصص الاسبانية
942 _2ddc
_cBK
999 _c39855
_d39855